A COURSE IN ELECTRICAL POWER GENERATION TRANSMISSION AND DISTRIBUTION PROTECTION AND SWITCHGEAR UTILIZATION (Record no. 583242)

000 -LEADER
fixed length control field 00336nam a22001097a 4500
082 ## - DEWEY DECIMAL CLASSIFICATION NUMBER
Classification number 621.3 SON'C
100 ## - MAIN ENTRY--PERSONAL NAME
Personal name GUPTA, P. V,SONI, M. L
9 (RLIN) 78090
245 ## - TITLE STATEMENT
Title A COURSE IN ELECTRICAL POWER GENERATION TRANSMISSION AND DISTRIBUTION PROTECTION AND SWITCHGEAR UTILIZATION
260 ## - PUBLICATION, DISTRIBUTION, ETC.
Place of publication, distribution, etc. DELHI
Name of publisher, distributor, etc. DHANPAT RAI
Date of publication, distribution, etc. 1980
300 ## - PHYSICAL DESCRIPTION
Extent 177P
942 ## - ADDED ENTRY ELEMENTS (KOHA)
Koha item type Book
Holdings
Withdrawn status Lost status Damaged status Not for loan Permanent Location Current Location Shelving location Date acquired Total Checkouts Full call number Barcode Date last seen Price effective from Koha item type
        College of Electrical & Mechanical Engineering (CEME) College of Electrical & Mechanical Engineering (CEME) General Stacks 06/14/2017   621.3 SON'C CEME-8453 06/28/2021 06/28/2021 Book
© 2023 Central Library, National University of Sciences and Technology. All Rights Reserved.